[Event "Santo Domingo op 08"]
[Site "Santo Domingo"]
[Date "2019.08.20"]
[Round "6"]
[White "Beltre Diaz, Omir Olanex"]
[Black "Mieses Hernandez, Diomedes Ernesto"]
[Result "1-0"]
[WhiteElo "1859"]
[BlackElo "1761"]
[PlyCount "39"]
[EventDate "2019.08.12"]
[EventType "swiss"]
[EventRounds "8"]
[EventCountry "DOM"]
[SourceTitle "EXT 2020"]
[Source "ChessBase"]
[SourceDate "2019.10.17"]
[SourceVersion "1"]
[SourceVersionDate "2019.10.17"]
[SourceQuality "1"]

1. d4 e6 2. Bf4 f5 3. e3 Nf6 4. c4 Bb4+ 5. Nc3 b6 6. a3 Bxc3+ 7. bxc3 Bb7 8. Nf3 0-0 9. Bd3 d6 10. 0-0 Nbd7 11. h3 Qe7 12. Bh2 Rad8 13. Nd2 c5 14. f3 g5 15. e4 f4 16. a4 e5 17. Nb3 a5 18. Kh1 h5 19. Bg1 Kh7 20. Bf2 1-0

[Event "Santo Domingo op 08"]
[Site "Santo Domingo"]
[Date "2019.08.20"]
[Round "7"]
[White "Mieses Hernandez, Diomedes Ernesto"]
[Black "Batista Penalo, Darlyn Alexander"]
[Result "0-1"]
[WhiteElo "1761"]
[BlackElo "1676"]
[PlyCount "88"]
[EventDate "2019.08.12"]
[EventType "swiss"]
[EventRounds "8"]
[EventCountry "DOM"]
[SourceTitle "EXT 2020"]
[Source "ChessBase"]
[SourceDate "2019.10.17"]
[SourceVersion "1"]
[SourceVersionDate "2019.10.17"]
[SourceQuality "1"]

1. d4 Nf6 2. c4 g6 3. Nc3 Bg7 4. e4 d6 5. f4 0-0 6. Be2 Nbd7 7. Nf3 Re8 8. 0-0 c5 9. d5 Nb6 10. Be3 e6 11. e5 Ng4 12. Bf2 f5 13. h3 Nxf2 14. Rxf2 dxe5 15. fxe5 exd5 16. Nxd5 Nxd5 17. cxd5 g5 18. e6 g4 19. hxg4 fxg4 20. Ne1 Bd4 21. Bxg4 Qxd5 22. Nd3 Bxe6 23. Bf3 Qd7 24. Qc2 Bxf2+ 25. Nxf2 Rac8 26. Rd1 Qf7 27. b3 Rc7 28. Qc3 Qg7 29. Qa5 b6 30. Qa4 Rf8 31. Kf1 Bd7 32. Qc4+ Kh8 33. a4 Bc6 34. Ne4 Bxe4 35. Qxe4 Re7 36. Qc6 Qc3 37. Qd5 Ref7 38. Rd3 Qc1+ 39. Kf2 Qb2+ 40. Kg1 Qc1+ 41. Kh2 Qf4+ 42. Kg1 Rf6 43. Rd2 Qe3+ 44. Kf1 Rh6 0-1

[Event "Santo Domingo Duarte Memorial 8th"]
[Site "Santo Domingo"]
[Date "2019.01.19"]
[Round "2"]
[White "Lorenzo De Los Santos, Luis L"]
[Black "Mieses Hernandez, Diomedes Ernesto"]
[Result "1-0"]
[WhiteElo "2155"]
[BlackElo "1777"]
[PlyCount "93"]
[EventDate "2019.01.18"]
[EventType "swiss"]
[EventRounds "8"]
[EventCountry "DOM"]
[SourceTitle "CBM 188 Extra"]
[Source "ChessBase"]
[SourceDate "2019.02.26"]
[SourceVersion "1"]
[SourceVersionDate "2019.02.26"]
[SourceQuality "1"]

1. d4 e6 2. c4 b6 3. Nf3 Bb7 4. g3 f5 5. Bg2 Bb4+ 6. Nbd2 Nf6 7. 0-0 0-0 8. Nb3 a5 9. Bf4 Na6 10. d5 exd5 11. Nfd4 Ne4 12. cxd5 Bxd5 13. Nc2 Bxb3 14. axb3 c6 15. Nxb4 Nxb4 16. f3 Nc5 17. Bd6 Rf6 18. Rc1 Nd5 19. Bxc5 bxc5 20. Qd3 Qb6 21. Rc4 Re8 22. e4 fxe4 23. fxe4 Rxf1+ 24. Bxf1 Nf6 25. Bg2 Qb8 26. Rxc5 Re5 27. Qc4+ Kf8 28. Qd4 Rxc5 29. Qxc5+ Ke8 30. e5 Ng4 31. e6 Ne5 32. exd7+ Kxd7 33. Qxa5 Ke6 34. Bh3+ Kf6 35. Qc5 g6 36. Qd4 Kf7 37. Bg2 Qc7 38. b4 Ke6 39. Bh3+ Ke7 40. Qh4+ Kd6 41. Qf6+ Kd5 42. Be6+ Ke4 43. Qf4+ Kd3 44. Qf1+ Kd2 45. Qf2+ Kd3 46. Bb3 Qg7 47. Bc2+ 1-0

[Event "Santo Domingo Provincial-ch"]
[Site "Santo Domingo"]
[Date "2018.12.01"]
[Round "6"]
[White "Peralta Maxuel, Victor Ernesto"]
[Black "Mieses Hernandez, Diomedes Ernesto"]
[Result "0-1"]
[WhiteElo "1386"]
[BlackElo "1814"]
[PlyCount "80"]
[EventDate "2018.11.23"]
[EventType "swiss"]
[EventRounds "7"]
[EventCountry "DOM"]
[SourceTitle "CBM 187 Extra"]
[Source "ChessBase"]
[SourceDate "2018.11.04"]
[SourceVersion "1"]
[SourceVersionDate "2018.11.04"]
[SourceQuality "1"]

1. d4 e6 2. e4 d5 3. e5 c5 4. c3 Bd7 5. Bd3 c4 6. Bc2 b5 7. Nf3 a5 8. b3 a4 9. bxc4 dxc4 10. 0-0 Ne7 11. Bg5 Nbc6 12. Be4 Rb8 13. d5 exd5 14. Bxd5 Qc8 15. Na3 Nxd5 16. Qxd5 Be6 17. Qe4 Bxa3 18. Rad1 Be7 19. Bxe7 Nxe7 20. Rd6 0-0 21. Ng5 Ng6 22. Rfd1 h6 23. Nxe6 Re8 24. Nf4 Nxe5 25. Nd5 Qc5 26. Nb4 Nd3 27. Qd4 Qh5 28. f3 Nxb4 29. cxb4 Qe5 30. Qxe5 Rxe5 31. Rc6 Re2 32. a3 Re3 33. Ra1 Rd8 34. Ra2 Rdd3 35. Rc5 Rxa3 36. Rc2 Rac3 37. Ra2 Rb3 38. Rxb5 a3 39. Ra5 Rb2 40. R5xa3 Re1# 0-1

[Event "Santo Domingo Provincial-ch"]
[Site "Santo Domingo"]
[Date "2018.11.24"]
[Round "2"]
[White "Crispin Ferreras, Darvi Abraham"]
[Black "Mieses Hernandez, Diomedes Ernesto"]
[Result "1-0"]
[WhiteElo "2173"]
[BlackElo "1814"]
[PlyCount "87"]
[EventDate "2018.11.23"]
[EventType "swiss"]
[EventRounds "7"]
[EventCountry "DOM"]
[SourceTitle "CBM 187 Extra"]
[Source "ChessBase"]
[SourceDate "2018.11.04"]
[SourceVersion "1"]
[SourceVersionDate "2018.11.04"]
[SourceQuality "1"]

1. e4 c5 2. Nf3 Nc6 3. Bb5 Nf6 4. Nc3 Nd4 5. Bd3 d6 6. Nxd4 cxd4 7. Ne2 Qb6 8. h3 e5 9. c3 dxc3 10. dxc3 Qc6 11. Ng3 Be7 12. 0-0 Be6 13. Qe2 a6 14. f4 Rc8 15. Bd2 Bc4 16. Nf5 Bxd3 17. Qxd3 Nxe4 18. Rae1 Nxd2 19. Qxd2 e4 20. Qd4 d5 21. Qe5 Rc7 22. Nxg7+ Kf8 23. Ne6+ fxe6 24. Qxh8+ Kf7 25. Qxh7+ Ke8 26. Qh8+ Kd7 27. f5 Rc8 28. Qh7 exf5 29. Rxf5 Rc7 30. Rd1 b5 31. Rfxd5+ Kc8 32. Qxe4 Kb7 33. Re5 Qxe4 34. Rxe4 Bc5+ 35. Kh1 Rf7 36. b4 Bb6 37. c4 bxc4 38. Rxc4 Bc7 39. a4 Re7 40. Rb1 Kb6 41. a5+ Kb5 42. Rc5+ Ka4 43. b5 Kxa5 44. b6+ 1-0

[Event "Santo Domingo Provincial-ch"]
[Site "Santo Domingo"]
[Date "2018.11.24"]
[Round "3"]
[White "Mieses Hernandez, Diomedes Ernesto"]
[Black "Rojas Gomez, Ramon Andres"]
[Result "0-1"]
[WhiteElo "1814"]
[BlackElo "1708"]
[PlyCount "88"]
[EventDate "2018.11.23"]
[EventType "swiss"]
[EventRounds "7"]
[EventCountry "DOM"]
[SourceTitle "CBM 187 Extra"]
[Source "ChessBase"]
[SourceDate "2018.11.04"]
[SourceVersion "1"]
[SourceVersionDate "2018.11.04"]
[SourceQuality "1"]

1. d4 d5 2. c4 Nf6 3. Nf3 g6 4. Nc3 c6 5. e3 Bg7 6. h3 Nbd7 7. cxd5 cxd5 8. Bd3 0-0 9. 0-0 Nb6 10. b3 Bd7 11. Bb2 a6 12. Rc1 Rc8 13. Ne5 Bf5 14. Bxf5 gxf5 15. f4 e6 16. Rf3 Kh8 17. g4 fxg4 18. hxg4 Nbd7 19. g5 Ne4 20. Nxe4 Rxc1 21. Qxc1 dxe4 22. Rh3 Nxe5 23. dxe5 Qd3 24. Bd4 Rd8 25. Qb2 Rc8 26. Rh2 Qd1+ 27. Kf2 Rc2+ 28. Qxc2 Qxc2+ 29. Kg3 Qc6 30. Rd2 h6 31. gxh6 Bxh6 32. f5 exf5 33. e6+ Kh7 34. e7 Qd6+ 35. Kg2 Qxe7 36. Rc2 Qg5+ 37. Kf2 Qg4 38. Ke1 Qg3+ 39. Kd2 f4 40. Rc8 fxe3+ 41. Kd1 Qg1+ 42. Kc2 Qf2+ 43. Kb1 Qe1+ 44. Kc2 Qd2+ 0-1

[Event "Santo Domingo De La Madre op"]
[Site "Santo Domingo"]
[Date "2018.05.26"]
[Round "6"]
[White "Mieses Hernandez, Diomedes Ernesto"]
[Black "Pena Marcano, Jose Carlos"]
[Result "1-0"]
[WhiteElo "1817"]
[BlackElo "1779"]
[PlyCount "75"]
[EventDate "2018.05.18"]
[EventType "swiss"]
[EventRounds "8"]
[EventCountry "DOM"]
[SourceTitle "CBM 184 Extra"]
[Source "ChessBase"]
[SourceDate "2018.06.28"]
[SourceVersion "1"]
[SourceVersionDate "2018.06.28"]
[SourceQuality "1"]

1. d4 e6 2. c4 c6 3. e4 d5 4. Nc3 dxe4 5. Nxe4 b6 6. Be3 Bb7 7. Qc2 Bb4+ 8. Nc3 Nf6 9. Nf3 Qc7 10. Be2 h5 11. h3 Nbd7 12. a3 Be7 13. Rd1 a6 14. Qb3 Rd8 15. Ne5 c5 16. Nxd7 cxd4 17. Bxd4 Nxd7 18. 0-0 Rh6 19. f3 Nc5 20. Qc2 Rg6 21. Bf2 Bd6 22. b4 Nd7 23. Ne4 Bxe4 24. fxe4 Nf6 25. Bh4 Bh2+ 26. Kh1 Rxd1 27. Bxd1 Be5 28. Bxf6 Bxf6 29. Bxh5 Rg5 30. Bg4 Qg3 31. Qa4+ Kf8 32. Qxa6 Rxg4 33. Qa8+ Ke7 34. Qb7+ Ke8 35. e5 Bxe5 36. Qxf7+ Kd8 37. Qg8+ Ke7 38. Rf7+ 1-0

[Event "Santo Domingo De La Madre op"]
[Site "Santo Domingo"]
[Date "2018.05.25"]
[Round "4"]
[White "Agramonte Ramirez, Jorge Luis"]
[Black "Mieses Hernandez, Diomedes Ernesto"]
[Result "1-0"]
[WhiteElo "1636"]
[BlackElo "1817"]
[PlyCount "107"]
[EventDate "2018.05.18"]
[EventType "swiss"]
[EventRounds "8"]
[EventCountry "DOM"]
[SourceTitle "CBM 184 Extra"]
[Source "ChessBase"]
[SourceDate "2018.06.28"]
[SourceVersion "1"]
[SourceVersionDate "2018.06.28"]
[SourceQuality "1"]

1. d4 e6 2. c4 f5 3. Nc3 Nf6 4. f3 Bb4 5. Bd2 0-0 6. e3 b6 7. Bd3 Bb7 8. a3 Be7 9. Nh3 c5 10. 0-0 Nc6 11. Ne2 Rc8 12. Rb1 Bd6 13. b4 cxd4 14. exd4 Nh5 15. c5 Bb8 16. Be3 h6 17. Qb3 Ne7 18. Nhf4 Nxf4 19. Bxf4 Bxf4 20. Nxf4 Qc7 21. Nh3 Nd5 22. Rfe1 Rf6 23. Bc4 Nf4 24. Nxf4 Qxf4 25. Qe3 Qh4 26. Qf2 Qh5 27. Re5 Rg6 28. Rb3 Qg5 29. Rbe3 Qf4 30. Qd2 Bxf3 31. Bf1 Be4 32. Qf2 Qg4 33. Rg3 Qh5 34. Be2 Rxg3 35. Bxh5 Rxg2+ 36. Qxg2 Bxg2 37. Kxg2 bxc5 38. Rxc5 Rxc5 39. dxc5 Kf8 40. b5 Ke7 41. b6 axb6 42. cxb6 Kd8 43. a4 Kc8 44. a5 Kb7 45. Be8 Kc6 46. Bh5 g5 47. Bf3+ d5 48. Kf2 g4 49. Be2 e5 50. Bb5+ Kb7 51. Bd7 f4 52. Bxg4 e4 53. Bf5 e3+ 54. Kf3 1-0

[Event "Santo Domingo op11"]
[Site "Santo Domingo"]
[Date "2017.11.18"]
[Round "3"]
[White "Sanchez Minaya, Eduardo Manuel"]
[Black "Mieses Hernandez, Diomedes Ernesto"]
[Result "1-0"]
[WhiteElo "1685"]
[BlackElo "1864"]
[PlyCount "34"]
[EventDate "2017.11.17"]
[EventType "swiss"]
[EventRounds "8"]
[EventCountry "DOM"]
[SourceTitle "CBM 181 Extra"]
[Source "ChessBase"]
[SourceDate "2017.12.12"]
[SourceVersion "1"]
[SourceVersionDate "2017.12.12"]
[SourceQuality "1"]

1. e4 c5 2. Nf3 Nc6 3. b4 Nxb4 4. c3 Nc6 5. d4 cxd4 6. cxd4 e6 7. d5 exd5 8. exd5 Qe7+ 9. Be2 Ne5 10. 0-0 Nxf3+ 11. Bxf3 Qd6 12. Ba3 Qf6 13. Re1+ Ne7 14. d6 Qxa1 15. dxe7 Bxe7 16. Bxe7 Qxa2 17. Bd5 Qa6 1-0

[Event "Santo Domingo Guzman Cup"]
[Site "Santo Domingo"]
[Date "2017.10.21"]
[Round "2"]
[White "De Los Santos Nunez, Eddy"]
[Black "Mieses Hernandez, Diomedes Ernesto"]
[Result "1-0"]
[WhiteElo "2123"]
[BlackElo "1864"]
[PlyCount "99"]
[EventDate "2017.10.20"]
[EventType "swiss"]
[EventRounds "8"]
[EventCountry "DOM"]
[SourceTitle "CBM 181 Extra"]
[Source "ChessBase"]
[SourceDate "2017.12.12"]
[SourceVersion "1"]
[SourceVersionDate "2017.12.12"]
[SourceQuality "1"]

1. e4 c5 2. Nf3 Nc6 3. d4 cxd4 4. Nxd4 Nf6 5. Nc3 e5 6. Ndb5 d6 7. Bg5 a6 8. Na3 Be6 9. Nc4 Rc8 10. Ne3 Be7 11. Bxf6 Bxf6 12. Ncd5 Bg5 13. c3 0-0 14. h4 Bxe3 15. Nxe3 b5 16. a4 bxa4 17. Qxa4 Qb6 18. b4 Nb8 19. Rc1 f5 20. exf5 Bxf5 21. Bc4+ Kh8 22. 0-0 Be4 23. Bd5 Bd3 24. Rfd1 e4 25. Qa2 Qd8 26. Be6 Rc6 27. Bd5 Rc7 28. g3 Qf6 29. Qd2 Nd7 30. f4 Qg6 31. Kh2 Nf6 32. Be6 Re7 33. f5 Qh5 34. Re1 g6 35. c4 g5 36. Qf2 gxh4 37. gxh4 Rg7 38. Rg1 Re7 39. Rg5 Qh6 40. Kh3 Rxe6 41. fxe6 Nd5 42. Qb2+ Qf6 43. Qxf6+ Nxf6 44. Ra1 h6 45. Rf5 Kh7 46. Rxa6 d5 47. Ra7+ Kg6 48. h5+ Nxh5 49. Rxf8 d4 50. e7 1-0

[Event "Santo Domingo Guzman Cup"]
[Site "Santo Domingo"]
[Date "2017.10.21"]
[Round "3"]
[White "Mieses Hernandez, Diomedes Ernesto"]
[Black "Acevedo Vargas, Julio"]
[Result "0-1"]
[WhiteElo "1864"]
[BlackElo "1945"]
[PlyCount "92"]
[EventDate "2017.10.20"]
[EventType "swiss"]
[EventRounds "8"]
[EventCountry "DOM"]
[SourceTitle "CBM 181 Extra"]
[Source "ChessBase"]
[SourceDate "2017.12.12"]
[SourceVersion "1"]
[SourceVersionDate "2017.12.12"]
[SourceQuality "1"]

1. d4 d5 2. c4 e6 3. Nf3 Nf6 4. Nc3 c6 5. e3 Nbd7 6. Be2 Bd6 7. 0-0 Ne4 8. cxd5 cxd5 9. Bd3 f5 10. Qb3 0-0 11. Nxd5 exd5 12. Qxd5+ Kh8 13. Bxe4 Nf6 14. Qb5 fxe4 15. Ne5 Bxe5 16. Qxe5 Qd5 17. f4 Bd7 18. Bd2 Qxe5 19. fxe5 Nd5 20. Rac1 Rxf1+ 21. Kxf1 Rc8 22. h3 Rxc1+ 23. Bxc1 Nb4 24. Bd2 Nxa2 25. b4 Kg8 26. d5 Bb5+ 27. Kf2 Bc4 28. d6 Kf7 29. Kg3 Ke6 30. Kf4 Bf1 31. Kg3 b6 32. h4 h5 33. Kf4 Bxg2 34. Kg5 Bf3 35. Kg6 Bg4 36. Be1 Kxe5 37. Bg3+ Kd5 38. Kxg7 Nxb4 39. Kf7 a5 40. Ke7 Nc6+ 41. Ke8 Ne5 42. Ke7 Nd7 43. Be1 Kc4 44. Bg3 a4 45. Bf4 a3 46. Bh6 Kd3 0-1

[Event "Santo Domingo U2000 op"]
[Site "Santo Domingo"]
[Date "2017.06.10"]
[Round "7"]
[White "Ramirez Luzon, Franchesca"]
[Black "Mieses Hernandez, Diomedes Ernesto"]
[Result "0-1"]
[WhiteElo "1385"]
[BlackElo "1897"]
[PlyCount "55"]
[EventDate "2017.06.02"]
[EventType "swiss"]
[EventRounds "8"]
[EventCountry "DOM"]
[SourceTitle "CBM 178 Extra"]
[Source "ChessBase"]
[SourceDate "2017.06.22"]
[SourceVersion "1"]
[SourceVersionDate "2017.06.22"]
[SourceQuality "1"]

1. e4 c5 2. Nf3 Nc6 3. d3 b6 4. g3 Bb7 5. Bg2 e6 6. 0-0 Bd6 7. Re1 Bc7 8. c3 Nge7 9. Nbd2 0-0 10. a4 d5 11. exd5 Nxd5 12. Nc4 Rb8 13. d4 Ba6 14. Nfe5 Nce7 15. Ne3 cxd4 16. cxd4 Bb7 17. b3 Bd6 18. N3c4 Bb4 19. Rf1 Nc3 20. Qd3 Bxg2 21. Kxg2 Nf5 22. Nc6 Qd5+ 23. Qf3 Nxd4 24. Qxd5 exd5 25. Nxb4 dxc4 26. bxc4 Rbc8 27. Bb2 Rc5 28. Bxc3 0-1

[Event "Santo Domingo Independencia op"]
[Site "Santo Domingo"]
[Date "2017.02.26"]
[Round "4"]
[White "Mieses Hernandez, Diomedes Ernesto"]
[Black "Rodriguez Mejia, Eddy Gabriel"]
[Result "0-1"]
[WhiteElo "1911"]
[BlackElo "1654"]
[PlyCount "64"]
[EventDate "2017.02.24"]
[EventType "swiss"]
[EventRounds "7"]
[EventCountry "DOM"]
[SourceTitle "CBM 177 Extra"]
[Source "ChessBase"]
[SourceDate "2017.04.27"]
[SourceVersion "1"]
[SourceVersionDate "2017.04.27"]
[SourceQuality "1"]

1. d4 g6 2. e4 Bg7 3. c4 d6 4. f4 Nf6 5. Nc3 0-0 6. Bd3 Bg4 7. Qb3 Nc6 8. Be3 e5 9. fxe5 dxe5 10. d5 Nd4 11. Bxd4 exd4 12. Nce2 Nd7 13. Ng3 Nc5 14. Qc2 Bh6 15. Nf3 Bxf3 16. gxf3 Qg5 17. Qe2 f5 18. Kd1 fxe4 19. Nxe4 Nxe4 20. Bxe4 Rae8 21. Kc2 Qh4 22. Raf1 Qf6 23. Qd3 Qb6 24. Rhg1 Rf6 25. h4 Be3 26. Rg2 Re5 27. Rh1 Rh5 28. Qe2 Kf7 29. Qe1 Qa6 30. Qb4 Rb6 31. Qc5 d3+ 32. Kxd3 Bxc5 0-1

[Event "Santo Domingo Independencia op"]
[Site "Santo Domingo"]
[Date "2017.02.25"]
[Round "2"]
[White "Mieses Hernandez, Diomedes Ernesto"]
[Black "Mieses Santos, Angel Domingo"]
[Result "1-0"]
[WhiteElo "1911"]
[BlackElo "1751"]
[PlyCount "81"]
[EventDate "2017.02.24"]
[EventType "swiss"]
[EventRounds "7"]
[EventCountry "DOM"]
[SourceTitle "CBM 177 Extra"]
[Source "ChessBase"]
[SourceDate "2017.04.27"]
[SourceVersion "1"]
[SourceVersionDate "2017.04.27"]
[SourceQuality "1"]

1. d4 d5 2. c4 c6 3. Nf3 Nf6 4. Nc3 e6 5. Bg5 Be7 6. e3 Nbd7 7. cxd5 cxd5 8. Bd3 h6 9. Bh4 a6 10. 0-0 0-0 11. Ne5 Nxe5 12. dxe5 Nd7 13. Bxe7 Qxe7 14. f4 b5 15. Rc1 Bb7 16. Bb1 Rac8 17. Qe2 Nb6 18. b3 b4 19. Qd3 g6 20. Ne2 Nd7 21. Nd4 Rc5 22. Qd2 a5 23. Rxc5 Qxc5 24. Rc1 Qb6 25. Kh1 Rc8 26. Rxc8+ Bxc8 27. e4 dxe4 28. Bxe4 Bb7 29. Bxb7 Qxb7 30. Qc2 Qd5 31. Nc6 Kg7 32. h3 Nb6 33. Ne7 Qb5 34. Qc1 Nd5 35. Nc8 Nc3 36. Nd6 Qd5 37. Qe3 Nb5 38. Ne8+ Kf8 39. Nf6 Qd4 40. Qf3 Qc3 41. Qa8+ 1-0

[Event "Santo Domingo Duarte Memorial 6th"]
[Site "Santo Domingo"]
[Date "2017.01.28"]
[Round "2"]
[White "Jaquez, Juan Manuel"]
[Black "Mieses Hernandez, Diomedes Ernesto"]
[Result "1-0"]
[WhiteElo "2223"]
[BlackElo "1911"]
[PlyCount "103"]
[EventDate "2017.01.27"]
[EventType "swiss"]
[EventRounds "8"]
[EventCountry "DOM"]
[SourceTitle "CBM 176 Extra"]
[Source "ChessBase"]
[SourceDate "2017.03.02"]
[SourceVersion "1"]
[SourceVersionDate "2017.03.02"]
[SourceQuality "1"]

1. e4 c5 2. Nf3 Nc6 3. d4 cxd4 4. Nxd4 Nf6 5. Nc3 e5 6. Ndb5 d6 7. Bg5 a6 8. Na3 Be6 9. Nc4 Nd4 10. Ne3 Be7 11. Bd3 0-0 12. 0-0 Rc8 13. Bxf6 Bxf6 14. Ncd5 Bg5 15. c3 Nc6 16. Qe2 Bxe3 17. Nxe3 Ne7 18. Rfd1 Ng6 19. g3 Rc6 20. Rd2 Qg5 21. Kh1 Rd8 22. Bc2 Ne7 23. Qf3 g6 24. h4 Qh6 25. Qf6 Rd7 26. Rad1 Nc8 27. Bb3 Bxb3 28. axb3 Qg7 29. Ng4 h5 30. Qxg7+ Kxg7 31. Nxe5 Re7 32. Nxc6 bxc6 33. f3 a5 34. Ra1 Ra7 35. Rd4 Rb7 36. Ra3 Kf6 37. Rda4 d5 38. exd5 cxd5 39. Rxa5 Ke5 40. c4 Ne7 41. Ra7 Rxa7 42. Rxa7 Nf5 43. Ra5 Nxg3+ 44. Kg2 Ne2 45. Rxd5+ Ke6 46. Kf2 Nf4 47. Rd2 Ke7 48. c5 Kf8 49. c6 Ne6 50. b4 Nc7 51. Rd8+ Kg7 52. Rd7 1-0

[Event "Santo Domingo Duarte Memorial 6th"]
[Site "Santo Domingo"]
[Date "2017.01.28"]
[Round "3"]
[White "Mieses Hernandez, Diomedes Ernesto"]
[Black "Coronado Paulino, Karen Libell"]
[Result "1-0"]
[WhiteElo "1911"]
[BlackElo "1710"]
[PlyCount "37"]
[EventDate "2017.01.27"]
[EventType "swiss"]
[EventRounds "8"]
[EventCountry "DOM"]
[SourceTitle "CBM 176 Extra"]
[Source "ChessBase"]
[SourceDate "2017.03.02"]
[SourceVersion "1"]
[SourceVersionDate "2017.03.02"]
[SourceQuality "1"]

1. d4 d5 2. c4 e6 3. Nc3 c6 4. e4 dxe4 5. Nxe4 Bb4+ 6. Nc3 c5 7. d5 exd5 8. cxd5 Ne7 9. Bd2 Nxd5 10. Bc4 Be6 11. Nxd5 Bxd5 12. Qe2+ Kf8 13. Bxb4 Bxg2 14. Bxc5+ Kg8 15. Rd1 Nd7 16. Qg4 Qa5+ 17. b4 Re8+ 18. Ne2 Bxh1 19. Bxf7+ 1-0

[Event "Santo Domingo Duarte Memorial 6th"]
[Site "Santo Domingo"]
[Date "2017.01.27"]
[Round "1"]
[White "Mieses Hernandez, Diomedes Ernesto"]
[Black "Barias Florentino, Juan Thomas"]
[Result "1-0"]
[WhiteElo "1911"]
[BlackElo "1768"]
[PlyCount "63"]
[EventDate "2017.01.27"]
[EventType "swiss"]
[EventRounds "8"]
[EventCountry "DOM"]
[SourceTitle "CBM 176 Extra"]
[Source "ChessBase"]
[SourceDate "2017.03.02"]
[SourceVersion "1"]
[SourceVersionDate "2017.03.02"]
[SourceQuality "1"]

1. d4 Nf6 2. c4 g6 3. Nc3 Bg7 4. e4 d6 5. Bd3 0-0 6. Nf3 b6 7. Bg5 Nh5 8. 0-0 h6 9. Be3 Nc6 10. Rc1 Bb7 11. Qd2 f6 12. Bxh6 Kf7 13. Be3 g5 14. g4 Nf4 15. Bxf4 gxf4 16. Qxf4 Ke8 17. Rcd1 e5 18. Qf5 Ne7 19. Qh5+ Kd7 20. Nd5 Rh8 21. Qf7 Bf8 22. Nxf6+ Kc8 23. Qe6+ Kb8 24. Nd7+ Kc8 25. Nxb6+ Kb8 26. Nd7+ Kc8 27. Nxf8+ Kb8 28. Nd7+ Kc8 29. Ndxe5+ Kb8 30. Nf7 Bc8 31. Nxd8 Bxe6 32. Nxe6 1-0

[Event "Santo Domingo Inmortales op"]
[Site "Santo Domingo"]
[Date "2016.11.20"]
[Round "4"]
[White "Jaquez, Juan Manuel"]
[Black "Mieses Hernandez, Diomedes Ernesto"]
[Result "1-0"]
[WhiteElo "2192"]
[BlackElo "1905"]
[PlyCount "53"]
[EventDate "2016.11.18"]
[EventType "swiss"]
[EventRounds "8"]
[EventCountry "DOM"]
[SourceTitle "EXT 2018"]
[Source "ChessBase"]
[SourceDate "2017.10.13"]
[SourceVersion "1"]
[SourceVersionDate "2017.10.13"]
[SourceQuality "1"]

1. e4 c5 2. Nf3 Nc6 3. d4 cxd4 4. Nxd4 Nf6 5. Nc3 e5 6. Ndb5 d6 7. Bg5 a6 8. Bxf6 gxf6 9. Na3 b5 10. Nd5 Be6 11. c3 f5 12. exf5 Bxf5 13. Qf3 Bd7 14. Nf6+ Ke7 15. Bd3 Bg7 16. Nxd7 Qxd7 17. Be4 Rac8 18. Bf5 Qc7 19. Bxc8 Rxc8 20. 0-0 Kf8 21. Nc2 Re8 22. Rfe1 Re6 23. Ne3 Na5 24. Qa8+ Re8 25. Qxa6 Nc4 26. Qxb5 Nxe3 27. Rxe3 1-0